000 02145cam a2200421Ma 4500
001 98156
005 20230410120715.0
008 070820s2007 bl ak b 001 0 por d
010 _a2007315707
035 _a(OCoLC)ocn500377501
040 _aUKMGB
_cUKMGB
020 _a9788522506101 (pbk.)
020 _a8522506108 (pbk.)
035 _a(OCoLC)500377501
050 1 4 _aHQ 799.2
_bT779j 2007
100 1 _aTravancas, Isabel Siqueira.
245 1 0 _aJuventude e televisao:
_bum estudo de recepcao do Jornal Nacional entre jovens universitarios cariocas /
_cIsabel Travancas; prefacio Eugenio Bucci.
246 3 0 _aEstudo de recepcão do Jornal Nacional entre jovens universitários cariocas
260 _aRio de Janeiro :
_bEditora FGV,
_c2007.
300 _a138 p. :
_bill., forms. ;
_c23 cm.
500 _aRevised version of the author's thesis (post-doctoral)--Museu Nacional da Universidade Federal do Rio de Janeiro.
504 _aIncludes bibliographical references.(p.[97]-105) and inedex
505 0 _aO jornal nacional e os jovens do Rio: A audiencia do jornal nacional-- Um retrato da cidade-- Os questionarios-- A tv a noticia: Um dia na redacâo do JN-- Os conceitos de noticia e o Jornal Nacional-- Brasil e televisâo, televisâo= Brasil-- Os filhos da televisâo: Modos de ver-- A entrada na universidade: A escolha do curso-- Consumo cultural-- Política-- Consideraçôes finais.
650 0 _aJornal Nacional ( programa de televisâo)
650 0 _aTelevision and youth
_zBrazil
_zRio de Janeiro.
650 0 _aMass media
_xSocial aspects
_zBrazil
_zRio de Janeiro
650 0 _aTelevision viewers
_zBrazil
_zRio de Janeiro.
650 0 _aTelevision broadcasting of news
_xSocial aspects
_zBrazil
_zRio de Janeiro.
650 0 _aJornada Nacional (programa de televisión)
650 0 _aTelevisión y juventud
_zBrasil
_zRio de Janeiro
650 0 _aMedios de comunicación
_xAspectos social
_zBrasil
_zRio de Janeiro
650 0 _aTelevidentes
_zBrasil
_zRio de Janeiro
700 1 _aBucci, Eugenio
_epref.
710 2 _aFundaçâo Getulio Vargas
942 _2lcc
_cbk
994 _aC0
_bDRFGD
946 _almm
999 _c50270
_d50270